000 00675nam a22002177a 4500
003 UA-OsUOA
001 98522
007 ta
008 20130415b un ||||| |||| 00| 0 ukr d
090 _a821.161.1
_bЕ70
942 _cBK
040 _aUA-OsUOA
_brus
_cUA-OsUOA
_dUA-OsUOA
245 _aПоколение
_bповести и рассказы молодых русских советских писателей
300 _a559 с.
955 _a2
041 _arus
080 _a821.161.1
260 _aМ.
_bХудожественная литература
_c1986
650 7 _a82 Література. Літературознавство
_2UDC
999 _c384441
_d384441